[Event "World Blitz"]
[Site "Moscow RUS"]
[Date "2007.11.21"]
[Round "15"]
[White "Carlsen, M."]
[Black "Morozevich, A."]
[Result "0-1"]
[WhiteElo "2714"]
[BlackElo "2755"]
[PlyCount "58"]
[EventDate "2007.11.21"]
[Source "www.chesslib.no"]
[SourceDate "2004.05.04"]

1. c4 c6 2. e4 d5 3. exd5 cxd5 4. cxd5 Nf6 5. Nc3 Nxd5 6. Nf3 Nxc3 7. bxc3 g6 8. d4 Bg7 9. Bd3 O-O 10. O-O Nc6 11. Re1 b6 12. Bg5 Re8 13. Qd2 Bb7 14. h4 Rc8 15. h5 Na5 16. Re3 Nc4 17. Bxc4 Rxc4 18. Rae1 f6 19. Bf4 g5 20. Bg3 h6 21. Qe2 Bd5 22. Nd2 Ra4 23. c4 Bf7 24. d5 Rxa2 25. Qd3 e5 26. dxe6 Qxd3 27. exf7+ Kxf7 28. Rxe8 Bf8 29. Ne4 Kxe8 0-1

[Event "AEROSVIT-2008"]
[Site "Foros"]
[Date "2008.06.11"]
[Round "4"]
[White "Svidler, Peter"]
[Black "Nisipeanu, Liviu-Dieter"]
[Result "1/2-1/2"]
[WhiteElo "2746"]
[BlackElo "2684"]
[PlyCount "38"]
[EventDate "2008.06.08"]
[Source "www.chesslib.no"]
[SourceDate "2004.05.04"]

1. e4 c6 2. c4 d5 3. exd5 cxd5 4. cxd5 Nf6 5. Nc3 Nxd5 6. Nf3 e6 7. Bc4 Nxc3 8. bxc3 Bd6 9. O-O O-O 10. d4 Nd7 11. Bd3 b6 12. Ng5 Nf6 13. Qf3 Qc7 14. Ne4 Nxe4 15. Bxe4 Rb8 16. h3 Bb7 17. Bxb7 Qxb7 18. Qxb7 Rxb7 19. a4 Rc8 1/2-1/2

[Event "Linares (m/11)"]
[Site "?"]
[Date "1987.??.??"]
[Round "?"]
[White "Sokolov, A."]
[Black "Karpov, A."]
[Result "0-1"]
[WhiteElo "2645"]
[BlackElo "2710"]
[PlyCount "50"]
[EventDate "1987.??.??"]
[Source "ChessBase"]
[SourceDate "1987.01.01"]

1. e4 c6 2. c4 d5 3. exd5 cxd5 4. cxd5 Nf6 5. Nc3 Nxd5 6. Nf3 Nxc3 7. bxc3 g6 8. h4 Bg7 9. h5 Nc6 10. Rb1 Qc7 11. Ba3 Bf5 12. Rb5 a6 13. Rc5 Qd7 14. Qb3 O-O 15. hxg6 hxg6 16. Bc4 Bf6 17. d4 b5 18. Bd5 Na5 19. Qd1 Nb7 20. Ne5 Bxe5 21. dxe5 Nxc5 22. Qd4 Nd3+ 23. Kf1 Qa7 24. Bxe7 Qxd4 25. cxd4 Nf4 0-1

[Event "ch-Euro Blitz"]
[Site "Ajaccio FRA"]
[Date "2007.10.26"]
[Round "23"]
[White "Tkachiev, V."]
[Black "Van Wely, L."]
[Result "1-0"]
[WhiteElo "2661"]
[BlackElo "2679"]
[PlyCount "49"]
[EventDate "2007.10.25"]
[Source "www.chesslib.no"]
[SourceDate "2004.05.04"]

1. c4 c6 2. e4 d5 3. exd5 cxd5 4. cxd5 Nf6 5. Nc3 Nxd5 6. Nf3 e6 7. Bc4 Be7 8. O-O O-O 9. Re1 Nc6 10. d4 Nxc3 11. bxc3 b6 12. Bd3 Bb7 13. Qe2 Bf6 14. Qe4 g6 15. Bh6 Bg7 16. Qf4 e5 17. Nxe5 Nxe5 18. Rxe5 Rc8 19. Bxg7 Kxg7 20. c4 Qf6 21. Qe3 Rfd8 22. Re1 Rc7 23. d5 Ba6 24. Qg3 Bxc4 25. Re6 1-0

[Event "Tan Chin Nam Cup 7th"]
[Site "Shanghai"]
[Date "2001.07.14"]
[Round "6"]
[White "Peng Xiaomin"]
[Black "Dreev, Alexey"]
[Result "1/2-1/2"]
[WhiteElo "2648"]
[BlackElo "2690"]
[PlyCount "67"]
[EventDate "2001.07.09"]
[Source "ChessBase"]
[SourceDate "2001.11.13"]

1. e4 c6 2. c4 d5 3. exd5 Nf6 4. Nc3 cxd5 5. cxd5 Nxd5 6. Nf3 Nxc3 7. bxc3 g6 8. d4 Bg7 9. Bd3 Nc6 10. O-O O-O 11. Re1 b6 12. Bf4 Bb7 13. h4 Qd7 14. Qd2 Rfe8 15. Rad1 Rad8 16. Bh6 Bf6 17. Qf4 Qd6 18. Ne5 Nxe5 19. dxe5 Qc6 20. Be4 Rxd1 21. Rxd1 Qxe4 22. Qxe4 Bxe4 23. exf6 exf6 24. Rd7 a5 25. Rd6 b5 26. f3 Bf5 27. a3 Be6 28. Kf2 Bc4 29. g4 a4 30. Kg3 Be6 31. Rb6 Bc4 32. Kf4 Bd3 33. Rxf6 Re6 34. Rxe6 1/2-1/2

[Event "Dortmund"]
[Site "Dortmund"]
[Date "1993.??.??"]
[Round "2"]
[White "Lautier, Joel"]
[Black "Kramnik, Vladimir"]
[Result "1/2-1/2"]
[WhiteElo "2645"]
[BlackElo "2685"]
[PlyCount "47"]
[EventDate "1993.04.??"]
[Source "ChessBase"]

1. c4 c6 2. e4 d5 3. exd5 cxd5 4. cxd5 Nf6 5. Bb5+ Nbd7 6. Nc3 a6 7. Qa4 Rb8 8. Bxd7+ Bxd7 9. Qb3 b5 10. d3 Bc8 11. Bf4 Ra8 12. a4 b4 13. Ne4 Bb7 14. Qxb4 Bxd5 15. a5 Qd7 16. Qb6 Nxe4 17. dxe4 Bxe4 18. Nf3 f6 19. O-O e5 20. Rac1 Be7 21. Be3 O-O 22. Rfd1 Qg4 23. Ne1 Bf5 24. h3 1/2-1/2

[Event "Moscow RUS"]
[Site "?"]
[Date "2006.02.14"]
[Round "7"]
[White "Kazhgaleyev Murtas"]
[Black "Dreev Alexey"]
[Result "1/2-1/2"]
[WhiteElo "2607"]
[BlackElo "2697"]
[PlyCount "47"]
[EventDate "2006.??.??"]
[Source "www.chesslib.no"]
[SourceDate "2004.05.04"]

1. c4 c6 2. e4 d5 3. cxd5 cxd5 4. exd5 Nf6 5. Nc3 Nxd5 6. Nf3 Nc6 7. Bc4 Nb6 8. Bb5 e6 9. d4 Be7 10. O-O O-O 11. Re1 Bd7 12. a3 Rc8 13. Bd3 Nd5 14. Nxd5 exd5 15. h3 Bf6 16. b4 Re8 17. Rxe8+ Qxe8 18. Bg5 Bxg5 19. Nxg5 h6 20. Nf3 Qd8 21. Rc1 Ne7 22. Rxc8 Qxc8 23. Qe1 Be6 24. b5 1/2-1/2

[Event "TCh-RUS"]
[Site "Togliatti"]
[Date "2003.05.25"]
[Round "10"]
[White "Kobalija, Mihail"]
[Black "Zvjaginsev, Vadim"]
[Result "1-0"]
[WhiteElo "2639"]
[BlackElo "2664"]
[PlyCount "105"]
[EventDate "2003.05.16"]
[Source "Roberto Alvarez"]
[SourceDate "2003.05.26"]

1. e4 c6 2. c4 e5 3. Nf3 d6 4. d4 Qc7 5. Nc3 Bg4 6. Be2 Nf6 7. O-O Be7 8. Be3 Nbd7 9. d5 Bxf3 10. Bxf3 O-O 11. Rc1 a5 12. g3 Nc5 13. Bg2 Rfe8 14. a3 Qb6 15. Na4 Qc7 16. Nxc5 dxc5 17. Qe2 Bd6 18. Rfd1 h6 19. Rd3 a4 20. b4 axb3 21. Rxb3 Ra6 22. Rcb1 Rb8 23. Qb2 cxd5 24. exd5 b6 25. Bd2 Qd7 26. Bc3 Qf5 27. Re1 Nd7 28. Qe2 Rf8 29. Be4 Qh3 30. Bg2 Qf5 31. Bb2 h5 32. Be4 Qh3 33. Bg2 Qf5 34. Be4 Qh3 35. Bc1 f5 36. Bg2 Qg4 37. Bf3 Qh3 38. Qd1 Nf6 39. Bg2 Qg4 40. Qc2 h4 41. Bb2 Nd7 42. h3 Qg5 43. f4 exf4 44. Re6 b5 45. cxb5 Rb6 46. Qc4 fxg3 47. a4 Qd2 48. Qc3 Qf2+ 49. Kh1 Rf7 50. a5 c4 51. Qxc4 Bc5 52. Re8+ Nf8 53. Qc1 1-0

[Event "Camp. francese a squadre - Top 16 GpB"]
[Site "Chalons en Champagne FRA"]
[Date "2007.02.09"]
[Round "1"]
[White "Hamdouchi, H."]
[Black "Nisipeanu, LD."]
[Result "1/2-1/2"]
[WhiteElo "2602"]
[BlackElo "2689"]
[PlyCount "52"]
[EventDate "2007.02.09"]
[Source "www.chesslib.no"]
[SourceDate "2004.05.04"]

1. e4 c6 2. c4 e5 3. Nf3 d6 4. d4 Bg4 5. Be2 Nd7 6. Ng1 Bxe2 7. Nxe2 Ngf6 8. Nbc3 g6 9. O-O Bg7 10. h3 O-O 11. Be3 exd4 12. Bxd4 Re8 13. f3 a6 14. Qb3 b5 15. Rad1 Qb8 16. cxb5 axb5 17. a3 Nc5 18. Qc2 Ne6 19. Be3 d5 20. exd5 Nxd5 21. Nxd5 cxd5 22. Bf2 Qe5 23. Rfe1 Qxb2 24. Qxb2 Bxb2 25. Rxd5 Rab8 26. Bg3 Rbd8 1/2-1/2

[Event "It"]
[Site "?"]
[Date "2005.02.06"]
[Round "7"]
[White "Macieja Bartlomiej"]
[Black "Dominguez Lenier"]
[Result "1-0"]
[WhiteElo "2618"]
[BlackElo "2661"]
[PlyCount "55"]
[EventDate "2005.??.??"]
[Source "www.chesslib.no"]
[SourceDate "2004.05.04"]

1. c4 c6 2. e4 d5 3. cxd5 cxd5 4. exd5 Nf6 5. Qa4+ Nbd7 6. Nc3 g6 7. Nf3 Bg7 8. Bc4 O-O 9. d3 a6 10. Qa3 b6 11. O-O Bb7 12. Re1 Re8 13. Ng5 b5 14. Bb3 Nb6 15. d6 e6 16. Nge4 Nxe4 17. Nxe4 Bxe4 18. dxe4 Be5 19. Rd1 Qh4 20. g3 Qxe4 21. Be3 Nd7 22. Rd2 Red8 23. Rad1 Nf6 24. d7 Qb7 25. Qe7 Qc6 26. Bg5 Qf3 27. Bxe6 Kh8 28. Rd3 1-0

[Event "Rubinstein Mem"]
[Site "Polanica Zdroj POL"]
[Date "2007.08.22"]
[Round "5"]
[White "Socko, B."]
[Black "Bartel, Mat"]
[Result "1-0"]
[WhiteElo "2660"]
[BlackElo "2609"]
[PlyCount "85"]
[EventDate "2007.08.18"]
[Source "www.chesslib.no"]
[SourceDate "2004.05.04"]

1. e4 c6 2. c4 d5 3. exd5 cxd5 4. cxd5 Nf6 5. Qa4+ Nbd7 6. Nc3 g6 7. Bc4 Bg7 8. d3 O-O 9. Nf3 a6 10. Qa3 Qc7 11. O-O Ne5 12. Nxe5 Qxe5 13. h3 b5 14. Bb3 Bb7 15. d4 Qc7 16. Re1 Rfe8 17. Bg5 Qd7 18. Re5 h6 19. Bd2 a5 20. Qc5 a4 21. Bd1 Rac8 22. Qxb5 Qxb5 23. Nxb5 Nxd5 24. Re1 Nb6 25. Bf4 Nc4 26. Re2 a3 27. bxa3 Ba6 28. Nc7 Bxd4 29. Rc1 Rxc7 30. Bxc7 e5 31. Bb3 Nb2 32. Rec2 Nd3 33. Rd1 Re7 34. Ba5 Rd7 35. Rc6 Bb5 36. Rxg6+ Kh7 37. Rf6 Kg7 38. Rf3 e4 39. Rf5 Ba6 40. Kh2 Kg6 41. g4 Re7 42. Bd8 Ra7 43. Bd5 1-0

[Event "Olimpiadi 2008 - open"]
[Site "Dresda GER"]
[Date "2008.11.25"]
[Round "11"]
[White "Avrukh, B."]
[Black "Stellwagen, D."]
[Result "1/2-1/2"]
[WhiteElo "2657"]
[BlackElo "2605"]
[PlyCount "129"]
[EventDate "2008.11.13"]
[Source "www.chesslib.no"]
[SourceDate "2004.05.04"]

1. c4 c6 2. e4 d5 3. exd5 cxd5 4. cxd5 Nf6 5. Nc3 Nxd5 6. Nf3 Nc6 7. Bb5 e6 8. O-O Be7 9. d4 O-O 10. Re1 Bf6 11. Ne4 Qb6 12. Ba4 Bd7 13. Be3 Be7 14. Nc3 Nxe3 15. Rxe3 Rad8 16. d5 Bc8 17. Qe2 Nd4 18. Nxd4 Qxd4 19. Bb3 Bc5 20. Rd1 Qh4 21. Re4 Qf6 22. dxe6 Bxe6 23. Bxe6 fxe6 24. Rf1 Rde8 25. Rc4 Bb6 26. Ne4 Qe5 27. g3 Rd8 28. Kg2 Qd5 29. f3 e5 30. Rfc1 h6 31. h4 Rd7 32. Rc8 Qxa2 33. Rxf8+ Kxf8 34. Rc8+ Rd8 35. Rxd8+ Bxd8 36. Qb5 Bb6 37. Qxe5 Kg8 38. h5 Qc4 39. Nd6 Qc2+ 40. Kh3 Qc6 41. Qe6+ Kh8 42. Nf7+ Kh7 43. Qxc6 bxc6 44. Ne5 Bd4 45. Nxc6 Bxb2 46. Nxa7 g6 47. Kg4 Be5 48. f4 Bc3 49. Nc6 Be1 50. hxg6+ Kxg6 51. Ne5+ Kf6 52. Nd3 h5+ 53. Kh4 Bd2 54. Kxh5 Kf5 55. g4+ Ke4 56. Kg6 Kxd3 57. f5 Ke4 58. f6 Kf4 59. g5 Kg4 60. f7 Bb4 61. Kf6 Bc3+ 62. Kg6 Bb4 63. Kh6 Bf8+ 64. Kg6 Be7 65. Kg7 1/2-1/2

[Event "Petrosian mem"]
[Site "Stepanakert"]
[Date "2004.03.15"]
[Round "7"]
[White "Macieja, Bartlomiej"]
[Black "Asrian, Karen"]
[Result "1/2-1/2"]
[WhiteElo "2653"]
[BlackElo "2599"]
[PlyCount "55"]
[EventDate "2004.03.09"]
[Source "ChessBase"]
[SourceDate "2004.06.01"]

1. e4 c6 2. c4 d5 3. cxd5 cxd5 4. exd5 Nf6 5. Bb5+ Nbd7 6. Nc3 g6 7. Nge2 Bg7 8. O-O O-O 9. Nf4 Nb6 10. Qb3 g5 11. Nfe2 a6 12. Bd3 Nbxd5 13. Nxd5 Nxd5 14. Bc4 Be6 15. Nc3 Nf4 16. Bxe6 Nxe6 17. Qxb7 Qd3 18. Qd5 Bd4 19. Qe4 Nf4 20. g3 f5 21. Qxd3 Nxd3 22. Rb1 f4 23. Na4 Rf5 24. b4 Re5 25. Nc5 Nxc5 26. bxc5 Bxc5 27. d4 Bxd4 28. gxf4 1/2-1/2

[Event "Calviá ol (Men)"]
[Site "Mallorca"]
[Date "2004.10.28"]
[Round "13.3"]
[White "Delgado, Neuris"]
[Black "Dreev, Alexey"]
[Result "1/2-1/2"]
[WhiteElo "2554"]
[BlackElo "2698"]
[PlyCount "78"]
[EventDate "2004.10.15"]
[Source "Roberto Alvarez"]
[SourceDate "2004.10.25"]

1. e4 c6 2. c4 d5 3. cxd5 cxd5 4. exd5 Nf6 5. Bb5+ Nbd7 6. Nc3 a6 7. Be2 b5 8. d4 b4 9. Na4 Nxd5 10. Bf3 Bb7 11. Ne2 e6 12. O-O Bd6 13. Ng3 Qh4 14. Re1 O-O 15. Re4 Qd8 16. Re1 Qh4 17. Re4 Qd8 18. Re1 Qc7 19. Bd2 Rac8 20. Rc1 Qb8 21. Qb3 Rxc1 22. Rxc1 Rc8 23. Rxc8+ Qxc8 24. Ne4 Be7 25. Nec5 Nxc5 26. Nxc5 Bxc5 27. dxc5 Qxc5 28. Bxd5 Qxd5 29. Qxd5 Bxd5 30. Bxb4 Bxa2 31. f4 h6 32. h4 Kh7 33. Kf2 Kg6 34. g3 f6 35. Ke3 Kh5 36. Bf8 g5 37. hxg5 hxg5 38. Be7 Kg6 39. Bd8 Bd5 1/2-1/2

[Event "Wijk aan Zee"]
[Site "?"]
[Date "1995.??.??"]
[Round "?"]
[White "Seirawan, Y."]
[Black "Dreev, A."]
[Result "1-0"]
[WhiteElo "2600"]
[BlackElo "2650"]
[PlyCount "123"]
[EventDate "1995.??.??"]
[Source "ChessBase"]
[SourceDate "1994.10.01"]

1. c4 c6 2. e4 d5 3. exd5 cxd5 4. cxd5 Nf6 5. Qa4+ Bd7 6. Qb3 Na6 7. Nc3 Nc5 8. Qd1 g6 9. Bc4 Rc8 10. Nge2 Bg7 11. O-O O-O 12. a4 Bg4 13. h3 Ncd7 14. d3 Bxe2 15. Qxe2 Nb6 16. Be3 a6 17. Bxb6 Qxb6 18. Qxe7 Qxb2 19. Qa3 Qxa3 20. Rxa3 Nd7 21. Ne4 Nc5 22. Nxc5 Rxc5 23. a5 Ra8 24. Rb1 Rc7 25. Rab3 Ra7 26. g4 Bd4 27. Re1 Kf8 28. Re4 Bc5 29. g5 Ra8 30. Kg2 Rd8 31. h4 Rdd7 32. Kf3 Bd6 33. Re2 Kg7 34. Kg4 h5+ 35. Kf3 Kf8 36. Rb1 Rc8 37. Reb2 Rcc7 38. Ke2 Re7+ 39. Kf3 Ke8 40. Rb6 Red7 41. Bb3 Kf8 42. Ba4 Rd8 43. Rxb7 Rc5 44. R1b6 Rxa5 45. Bc6 Ra2 46. d4 Ra3+ 47. Kg2 Rd3 48. Bd7 Rxd4 49. Rxd6 Ke7 50. Rf6 Rxd7 51. Rxd7+ Kxd7 52. Rxf7+ Kd6 53. Rf6+ Kxd5 54. Rxg6 Rxh4 55. f3 Rf4 56. Rxa6 h4 57. g6 Rf8 58. g7 Rg8 59. Rg6 Ke5 60. Kh3 Kf5 61. Rg1 Kf6 62. Kxh4 1-0

[Event "It (Open) INT"]
[Site "?"]
[Date "2006.05.06"]
[Round "?"]
[White "Kotsur Pavel"]
[Black "Kasimdzhanov Rustam"]
[Result "0-1"]
[WhiteElo "2570"]
[BlackElo "2673"]
[PlyCount "46"]
[EventDate "2006.??.??"]
[Source "www.chesslib.no"]
[SourceDate "2004.05.04"]

1. c4 c6 2. e4 d5 3. cxd5 cxd5 4. exd5 Nf6 5. Qa4+ Bd7 6. Qb3 Qb6 7. Nc3 Na6 8. d4 Qxb3 9. axb3 Nb4 10. Kd1 Nbxd5 11. Nf3 Nxc3+ 12. bxc3 Ne4 13. Kc2 Nxf2 14. Rg1 Bf5+ 15. Kb2 Nd3+ 16. Bxd3 Bxd3 17. Ne5 Be4 18. g4 e6 19. Re1 Bg6 20. d5 Bd6 21. dxe6 fxe6 22. Nxg6 hxg6 23. Re5 Bxe5 0-1

[Event "Enghien les Bains"]
[Site "Enghien les Bains"]
[Date "2003.06.18"]
[Round "5"]
[White "Radjabov, Teimour"]
[Black "Fressinet, Laurent"]
[Result "1/2-1/2"]
[WhiteElo "2644"]
[BlackElo "2595"]
[PlyCount "59"]
[EventDate "2003.06.13"]
[Source "ChessBase"]
[SourceDate "2003.09.25"]

1. c4 c6 2. e4 d5 3. cxd5 cxd5 4. exd5 Nf6 5. Nc3 Nxd5 6. Nf3 Nc6 7. Bb5 Nxc3 8. bxc3 Qd5 9. Qe2 Bg4 10. d4 e6 11. Rb1 Be7 12. Bd3 Qd7 13. Be4 Rc8 14. h3 Bxf3 15. Qxf3 O-O 16. O-O Bf6 17. h4 Rfd8 18. g3 b6 19. h5 Be7 20. Re1 Bf8 21. Bg5 Ne7 22. Rbc1 h6 23. Bf4 Nd5 24. Be5 f6 25. Bf4 f5 26. Bd3 Rxc3 27. Rxc3 Nxc3 28. Be5 Qd5 29. Qe3 Qxa2 30. g4 1/2-1/2

[Event "Tilburg"]
[Site "Tilburg"]
[Date "1990.??.??"]
[Round "2"]
[White "Seirawan, Yasser"]
[Black "Nikolic, Predrag"]
[Result "1/2-1/2"]
[WhiteElo "2635"]
[BlackElo "2600"]
[PlyCount "48"]
[EventDate "1990.09.??"]
[Source "ChessBase"]

1. c4 c6 2. e4 e5 3. Nf3 d6 4. d4 Bg4 5. dxe5 Bxf3 6. gxf3 dxe5 7. Qxd8+ Kxd8 8. f4 f6 9. Bh3 Kc7 10. Nc3 Na6 11. Be3 Rd8 12. Ke2 Bc5 13. Rag1 g6 14. fxe5 Bxe3 15. Kxe3 fxe5 16. Rg5 Re8 17. Rf1 Nh6 18. Rd1 Re7 19. Rg3 Rf8 20. Rf3 Rxf3+ 21. Kxf3 Nc5 22. b4 Ne6 23. Bxe6 Rxe6 24. c5 Nf7 1/2-1/2

[Event "Kusadasi TUR"]
[Site "?"]
[Date "2006.04.10"]
[Round "7"]
[White "Nevednichy Vladislav"]
[Black "Izoria Zviad"]
[Result "1/2-1/2"]
[WhiteElo "2581"]
[BlackElo "2652"]
[PlyCount "107"]
[EventDate "2006.??.??"]
[Source "www.chesslib.no"]
[SourceDate "2004.05.04"]

1. e4 c6 2. c4 d5 3. cxd5 cxd5 4. exd5 Nf6 5. Nc3 Nxd5 6. Nf3 Nxc3 7. bxc3 g6 8. d4 Bg7 9. Bg5 O-O 10. Be2 Nc6 11. O-O Be6 12. Qd2 Rc8 13. Rfe1 Bd5 14. Rab1 Rc7 15. h4 Qc8 16. h5 Nd8 17. Rbc1 Ne6 18. hxg6 hxg6 19. Bh4 Bf6 20. Bxf6 exf6 21. Nh2 Kg7 22. Ng4 Rh8 23. Qe3 Rh4 24. f3 Bxa2 25. Bf1 Qd8 26. Qf2 f5 27. Ne3 Bb3 28. d5 Nc5 29. c4 Rc8 30. d6 Qg5 31. Nd5 Rch8 32. Qb2+ Kf8 33. Kf2 Rh1 34. Qd4 Qh4+ 35. Qxh4 R1xh4 36. Re7 Kg7 37. Rc7 b6 38. Re1 Bxc4 39. Bxc4 Rxc4 40. Ree7 Rf8 41. d7 Rd8 42. Rc8 Rd4 43. Rxd8 Rxd5 44. Ra8 Rxd7 45. Rxd7 Nxd7 46. Rxa7 Nc5 47. Rc7 f4 48. Rc6 g5 49. Rxb6 Nd3+ 50. Ke2 Ne5 51. Ra6 f6 52. Kd2 Kg6 53. Kc3 g4 54. fxg4 1/2-1/2

[Event "Riga zt"]
[Site "Riga"]
[Date "1995.??.??"]
[Round "8"]
[White "Ehlvest, Jaan"]
[Black "Oll, Lembit"]
[Result "0-1"]
[WhiteElo "2615"]
[BlackElo "2610"]
[PlyCount "54"]
[EventDate "1995.03.??"]
[Source "ChessBase"]

1. c4 c6 2. e4 d5 3. cxd5 cxd5 4. exd5 Nf6 5. Nc3 Nxd5 6. Nf3 Nc6 7. d4 Bg4 8. Qb3 Nb6 9. Be3 Bxf3 10. gxf3 e6 11. O-O-O Be7 12. Rg1 O-O 13. d5 Nxd5 14. Nxd5 exd5 15. Rxd5 Qc7 16. Qc3 Bf6 17. Qc4 Rad8 18. Rh5 g6 19. f4 Bd4 20. Be2 Qe7 21. Rh3 Qf6 22. Qb5 a6 23. Qh5 Qg7 24. Qh4 Bxb2+ 25. Kb1 Ba3 26. Bc1 Bxc1 27. Rxc1 Rd2 0-1

[Event "Samba Cup 1st"]
[Site "Skanderborg"]
[Date "2003.10.10"]
[Round "1"]
[White "Sadvakasov, Darmen"]
[Black "Nielsen, Peter Heine"]
[Result "0-1"]
[WhiteElo "2595"]
[BlackElo "2626"]
[PlyCount "100"]
[EventDate "2003.10.10"]
[Source "ChessBase"]
[SourceDate "2004.02.03"]

1. e4 c6 2. c4 d5 3. exd5 Nf6 4. Nc3 cxd5 5. cxd5 Nxd5 6. Nf3 e6 7. Bc4 Be7 8. d4 Nxc3 9. bxc3 Qc7 10. Qd3 Nd7 11. O-O O-O 12. Bg5 Bxg5 13. Nxg5 Nf6 14. Rae1 Bd7 15. Bb3 Rac8 16. c4 Rfd8 17. f4 Bc6 18. f5 e5 19. d5 b5 20. Qe3 bxc4 21. dxc6 cxb3 22. axb3 h6 23. Ne4 Nxe4 24. Qxe4 f6 25. Qc4+ Kh7 26. Rc1 Rd6 27. Qa6 Qb6+ 28. Qxb6 axb6 29. c7 Rd7 30. Rc6 Rcxc7 31. Rfc1 Rd1+ 32. Rxd1 Rxc6 33. Rd3 h5 34. Kf2 Kh6 35. Kf3 Rc2 36. h4 Rc5 37. Ke4 Rb5 38. g3 Kh7 39. Rc3 Kh6 40. Rd3 Rc5 41. Rd8 Kh7 42. Rd3 b5 43. g4 hxg4 44. Rg3 Rc1 45. Rxg4 Rf1 46. Rg2 Rd1 47. Ke3 Rd4 48. h5 Rb4 49. Rg6 Rxb3+ 50. Ke4 Rh3 0-1

[Event "56th ch-RUS"]
[Site "Krasnoyarsk"]
[Date "2003.09.04"]
[Round "2"]
[White "Zvjaginsev, Vadim"]
[Black "Jakovenko, Dmitrij"]
[Result "1/2-1/2"]
[WhiteElo "2653"]
[BlackElo "2564"]
[PlyCount "89"]
[EventDate "2003.09.03"]
[Source "Roberto Alvarez"]
[SourceDate "2003.09.15"]

1. c4 c6 2. e4 d5 3. exd5 cxd5 4. cxd5 Nf6 5. Bb5+ Nbd7 6. Nc3 g6 7. Nf3 Bg7 8. d6 exd6 9. Qe2+ Qe7 10. Qxe7+ Kxe7 11. O-O Rd8 12. Re1+ Kf8 13. Bc4 d5 14. Bf1 Nc5 15. b3 Nfe4 16. Ba3 Kg8 17. Rac1 Bg4 18. d4 Nxc3 19. Bxc5 Ne4 20. Ne5 Bxe5 21. dxe5 Nxc5 22. Rxc5 Rac8 23. Rec1 Rxc5 24. Rxc5 d4 25. Bd3 b6 26. Rc7 Rc8 27. Rxc8+ Bxc8 28. Kf1 Kg7 29. Ke2 f6 30. f4 Bb7 31. g3 fxe5 32. fxe5 h6 33. h4 g5 34. hxg5 hxg5 35. Bf5 Ba6+ 36. Kf3 Bb7+ 37. Kg4 Kh6 38. e6 Bd5 39. e7 Bc6 40. Bd3 Bd7+ 41. Bf5 Be8 42. Bd3 Bd7+ 43. Bf5 Be8 44. Bd3 Bd7+ 45. Kf3 1/2-1/2

[Event "Clermont Ferrand"]
[Site "Clermont Ferrand"]
[Date "1989.??.??"]
[Round "?"]
[White "Sax, Gyula"]
[Black "Andersson, Ulf"]
[Result "1/2-1/2"]
[WhiteElo "2580"]
[BlackElo "2635"]
[PlyCount "37"]
[EventDate "1989.07.??"]
[Source "ChessBase"]

1. e4 c6 2. c4 e5 3. d4 Bb4+ 4. Bd2 Bxd2+ 5. Qxd2 d6 6. Nc3 Qe7 7. O-O-O Nf6 8. f4 O-O 9. Nf3 Bg4 10. dxe5 dxe5 11. fxe5 Nfd7 12. Qd6 Qe6 13. Be2 Re8 14. h3 Bxf3 15. gxf3 Qxe5 16. Qxe5 Nxe5 17. f4 Ng6 18. Rhf1 Na6 19. e5 1/2-1/2

[Event "Bundesliga 2003-4"]
[Site "GER"]
[Date "2003.12.13"]
[Round "5.4"]
[White "Pelletier, Yannick"]
[Black "Dautov, Rustem"]
[Result "1/2-1/2"]
[WhiteElo "2604"]
[BlackElo "2610"]
[PlyCount "44"]
[EventDate "2003.11.23"]
[Source "Roberto Alvarez"]
[SourceDate "2003.12.15"]

1. c4 c6 2. e4 d5 3. exd5 cxd5 4. cxd5 Nf6 5. Nc3 Nxd5 6. Nf3 Nxc3 7. bxc3 g6 8. d4 Bg7 9. Bd3 O-O 10. O-O Nc6 11. Re1 Bg4 12. Be4 Rc8 13. Rb1 Qd7 14. h3 Bxf3 15. Qxf3 e6 16. h4 f5 17. Bd3 e5 18. Bb5 e4 19. Qh3 Qf7 20. Ba4 Na5 21. Rb5 Qxa2 22. Rxa5 b5 1/2-1/2

[Event "ch-Euro Blitz"]
[Site "Ajaccio FRA"]
[Date "2007.10.25"]
[Round "20"]
[White "Milov, V."]
[Black "Prie, E."]
[Result "1-0"]
[WhiteElo "2676"]
[BlackElo "2532"]
[PlyCount "99"]
[EventDate "2007.10.25"]
[Source "www.chesslib.no"]
[SourceDate "2004.05.04"]

1. c4 c6 2. e4 d5 3. exd5 cxd5 4. cxd5 Nf6 5. Nc3 Nxd5 6. Nf3 Nc6 7. Bb5 Nxc3 8. bxc3 Qd5 9. Be2 e5 10. O-O e4 11. Ne1 Bf5 12. Nc2 Bg6 13. Rb1 Qd7 14. Ne3 Bd6 15. Qb3 Rb8 16. Ba3 O-O 17. Bxd6 Qxd6 18. Rfd1 Rfd8 19. a4 b6 20. Qb5 Rbc8 21. h4 h6 22. Bg4 Rc7 23. Be2 Ne5 24. Qb4 Qxb4 25. Rxb4 Rcd7 26. Rb2 h5 27. Kf1 f6 28. Ke1 Bf7 29. Ra1 Be6 30. a5 bxa5 31. f4 exf3 32. gxf3 Ng6 33. Ra4 Kf8 34. d4 Bf7 35. Rxa5 Nxh4 36. Kf2 Ng6 37. Rxh5 Nf4 38. Rh8+ Ke7 39. Nf5+ Ke6 40. Nxg7+ Kd5 41. Rb5+ Kc6 42. Rc5+ Kb6 43. Rh6 Nxe2 44. Rxf6+ Kb7 45. Kxe2 Re7+ 46. Kd2 Rg8 47. Nf5 Rg2+ 48. Kd3 Rd7 49. Rxf7 Rxf7 50. Nd6+ 1-0

[Event "Netherlands"]
[Site "?"]
[Date "2006.09.23"]
[Round "1"]
[White "Smerdon David"]
[Black "Ivanchuk Vassily"]
[Result "1/2-1/2"]
[WhiteElo "2472"]
[BlackElo "2734"]
[PlyCount "63"]
[EventDate "2006.??.??"]
[Source "www.chesslib.no"]
[SourceDate "2004.05.04"]

1. e4 c6 2. c4 d5 3. exd5 Nf6 4. Nc3 cxd5 5. cxd5 Nxd5 6. Nf3 e6 7. Qb3 a6 8. d4 Nc6 9. Bg5 Qb6 10. Bc4 Qxb3 11. Bxb3 Nxc3 12. bxc3 Na5 13. Ba4+ b5 14. Bc2 Bb7 15. O-O f6 16. Bf4 g5 17. Nxg5 fxg5 18. Be5 Rg8 19. Bxh7 Rg7 20. Bxg7 Bxg7 21. Rae1 Kd7 22. f4 gxf4 23. Rxf4 Rf8 24. Rxf8 Bxf8 25. h4 Bh6 26. Re2 Nc4 27. Be4 Bxe4 28. Rxe4 Nd6 29. Re2 Nf5 30. a4 Nxh4 31. axb5 axb5 32. Re5 1/2-1/2

[Event "zt3.3, HeiBei CHN"]
[Site "?"]
[Date "2001.??.??"]
[Round "12"]
[White "Peng Xiaomin"]
[Black "Liang Chong"]
[Result "1/2-1/2"]
[WhiteElo "2645"]
[BlackElo "2560"]
[PlyCount "96"]
[EventDate "2001.??.??"]
[Source "www.chesslib.no"]
[SourceDate "2004.05.04"]

1. e4 c6 2. c4 d5 3. exd5 cxd5 4. cxd5 Nf6 5. Nc3 Nxd5 6. Nf3 e6 7. Bc4 Be7 8. O-O O-O 9. d4 Nxc3 10. bxc3 b6 11. Ne5 Ba6 12. Bxa6 Nxa6 13. Re1 Bd6 14. Qh5 Bxe5 15. Rxe5 Nc7 16. Qh3 f5 17. Bb2 b5 18. Rae1 Qd7 19. Qf3 Rfe8 20. Qb7 Reb8 21. Qf3 Re8 22. Ba3 Nd5 23. Bc5 a6 24. h3 Rac8 25. g4 fxg4 26. hxg4 Qf7 27. Qg3 Nf6 28. R5e3 Nd5 29. R3e2 h6 30. g5 hxg5 31. Re5 Qf4 32. Rxg5 Qxg3+ 33. Rxg3 Rc7 34. Kf1 Rf7 35. Bd6 Rd7 36. Bc5 Rf7 37. a3 Rf6 38. Re5 Rb8 39. Rh5 Kf7 40. Rhg5 Rg8 41. Bd6 Rf5 42. Rg6 Nxc3 43. Be5 Ne4 44. Rxg7+ Rxg7 45. Rxg7+ Kf8 46. Ra7 Rxf2+ 47. Ke1 Ra2 48. Rxa6 Kf7 1/2-1/2

[Event "Luzern"]
[Site "?"]
[Date "1993.??.??"]
[Round "?"]
[White "Kortchnoi, V."]
[Black "Serper, G."]
[Result "1-0"]
[WhiteElo "2625"]
[BlackElo "2575"]
[PlyCount "113"]
[EventDate "1993.??.??"]
[Source "ChessBase"]
[SourceDate "1993.10.01"]

1. c4 c6 2. e4 d5 3. exd5 cxd5 4. cxd5 Nf6 5. Nc3 Nxd5 6. Nf3 Nc6 7. Bb5 e6 8. O-O Be7 9. d4 O-O 10. Re1 Nf6 11. Bf4 Nb4 12. Ne5 a6 13. Be2 Nbd5 14. Bg3 Nxc3 15. bxc3 Ne4 16. Qd3 Nxg3 17. hxg3 Qc7 18. a4 Bd7 19. a5 Rfd8 20. Qe3 Bb5 21. c4 Be8 22. c5 Bf6 23. f4 Bc6 24. Qc3 Bd5 25. Rab1 Bxe5 26. fxe5 Rd7 27. Bd3 Qd8 28. Bc2 Bc6 29. Rbd1 Qg5 30. Rf1 f6 31. Bb3 Re8 32. exf6 gxf6 33. Rde1 Rde7 34. Rf4 Kg7 35. Bd1 Kh8 36. Ref1 e5 37. Rxf6 exd4 38. Qxd4 Qe5 39. Qd6 Qxd6 40. cxd6 Re6 41. Bg4 Rxf6 42. Rxf6 Rd8 43. d7 Kg7 44. Rf2 Bd5 45. Kh2 h5 46. Bf5 Bc6 47. Be6 Kg6 48. g4 hxg4 49. Kg3 Bxd7 50. Rd2 Bxe6 51. Rxd8 Kf5 52. Rd4 Ke5 53. Rxg4 Bxg4 54. Kxg4 Kd6 55. Kf4 b5 56. axb6 a5 57. Ke3 1-0